|
|
|
|
| LEADER |
00000nab a2200000 a 4500 |
| 001 |
vtls000238442 |
| 003 |
SK-MaSNL |
| 005 |
20260305042224.0 |
| 008 |
111130c1986 xo 0 slo |
| 015 |
|
|
|a SNBRB19rr/mm-uuuuu
|
| 035 |
|
|
|a CL0248556
|
| 040 |
|
|
|a SNKBUCL
|b slo
|c SNKBUCL
|e AACR2
|
| 041 |
0 |
|
|a slo
|
| 044 |
|
|
|a xo
|c SK
|
| 080 |
|
|
|a 329.15(437.6)
|2 1981
|
| 245 |
0 |
0 |
|a Hlavné úlohy slovenskej krajskej organizácie strany po Krajskej konferencii KSS konanej v roku 1986
|
| 610 |
2 |
7 |
|a Komunistická strana Slovenska
|2 snkbucl
|9 30182
|
| 651 |
|
7 |
|a Stredoslovenský kraj (Slovensko)
|2 snkbucl
|9 161135
|
| 655 |
|
7 |
|a články z novín a časopisov
|2 snkbucl
|9 267496
|
| 773 |
0 |
|
|t Smer
|g Roč. 38, č. 47 (25. 2. 1986), s. 3-7
|
| 850 |
|
|
|a Slovenská národná knižnica v Martine
|a MTA001
|
| 852 |
|
|
|a SNK
|b KIS3GCP
|
| 958 |
|
|
|a RK
|
| 992 |
|
|
|a RBX
|
| 999 |
|
|
|c 3347521
|d 3349451
|